[Event "World Youth & Cadets Rapid Championships"]
[Site "Rhodes, Greece"]
[Date "2022.05.01"]
[Round "2.39"]
[White "Beber, Anja"]
[Black "Hnatyshyn, Anastasiia"]
[Result "0-1"]
[TimeControl "10'/game & 5\"/move"]
[WhiteElo "1319"]
[BlackElo "1889"]

1. e4 {[%clk 00:10:06]} {[%emt 00:00:03]} c5 {[%clk 00:10:09]} {[%emt
00:00:02]} 2. Nf3 {[%clk 00:10:08]} {[%emt 00:00:03]} Nc6 {[%clk 00:10:11]}
{[%emt 00:00:03]} 3. d4 {[%clk 00:10:10]} {[%emt 00:00:01]} cxd4 {[%clk
00:10:14]} {[%emt 00:00:03]} 4. Nxd4 {[%clk 00:10:14]} {[%emt 00:00:02]} Nf6
{[%clk 00:10:16]} {[%emt 00:00:03]} 5. Nc3 {[%clk 00:10:16]} {[%emt 00:00:02]}
e5 {[%clk 00:10:19]} {[%emt 00:00:03]} 6. Ndb5 {[%clk 00:10:17]} {[%emt
00:00:03]} d6 {[%clk 00:10:21]} {[%emt 00:00:03]} 7. Nd5 {[%clk 00:09:50]}
{[%emt 00:00:31]} Nxd5 {[%clk 00:10:23]} {[%emt 00:00:04]} 8. exd5 {[%clk
00:09:50]} {[%emt 00:00:05]} Nb8 {[%clk 00:10:25]} {[%emt 00:00:04]} 9. c4
{[%clk 00:09:44]} {[%emt 00:00:10]} Be7 {[%clk 00:10:27]} {[%emt 00:00:04]} 10.
Be2 {[%clk 00:09:45]} {[%emt 00:00:03]} O-O {[%clk 00:10:25]} {[%emt 00:00:07]}
11. O-O {[%clk 00:09:47]} {[%emt 00:00:03]} a6 {[%clk 00:10:25]} {[%emt
00:00:06]} 12. Nc3 {[%clk 00:09:49]} {[%emt 00:00:02]} f5 {[%clk 00:10:23]}
{[%emt 00:00:08]} 13. b3 {[%clk 00:09:10]} {[%emt 00:00:44]} Nd7 {[%clk
00:10:05]} {[%emt 00:00:23]} 14. Bb2 {[%clk 00:09:06]} {[%emt 00:00:08]} Bf6
{[%clk 00:09:43]} {[%emt 00:00:27]} 15. Qc2 {[%clk 00:08:47]} {[%emt 00:00:24]}
e4 {[%clk 00:09:09]} {[%emt 00:00:40]} 16. f3 {[%clk 00:05:50]} {[%emt
00:03:01]} exf3 {[%clk 00:08:11]} {[%emt 00:01:03]} 17. Bxf3 {[%clk 00:05:52]}
{[%emt 00:00:03]} Ne5 {[%clk 00:08:07]} {[%emt 00:00:09]} 18. Be2 {[%clk
00:05:54]} {[%emt 00:00:03]} Bd7 {[%clk 00:07:14]} {[%emt 00:00:58]} 19. Nd1
{[%clk 00:04:29]} {[%emt 00:01:30]} Rc8 {[%clk 00:06:50]} {[%emt 00:00:29]} 20.
Qb1 {[%clk 00:01:51]} {[%emt 00:02:43]} b5 {[%clk 00:05:45]} {[%emt 00:01:11]}
21. cxb5 {[%clk 00:01:28]} {[%emt 00:00:28]} axb5 {[%clk 00:05:47]} {[%emt
00:00:03]} 22. Nc3 {[%clk 00:01:16]} {[%emt 00:00:16]} b4 {[%clk 00:05:01]}
{[%emt 00:00:51]} 23. Nd1 {[%clk 00:01:18]} {[%emt 00:00:03]} Re8 {[%clk
00:04:13]} {[%emt 00:00:53]} 24. Nf2 {[%clk 00:01:01]} {[%emt 00:00:22]} Qb6
{[%clk 00:03:34]} {[%emt 00:00:44]} 25. Kh1 {[%clk 00:00:47]} {[%emt 00:00:19]}
Qb7 {[%clk 00:01:59]} {[%emt 00:01:41]} 26. Rd1 {[%clk 00:00:40]} {[%emt
00:00:12]} Kh8 {[%clk 00:01:05]} {[%emt 00:00:58]} 27. Nd3 {[%clk 00:00:36]}
{[%emt 00:00:09]} Nxd3 {[%emt 00:00:11]} 28. Bxd3 {[%clk 00:00:40]} Bxb2 {[%clk
00:00:39]} {[%emt 00:00:26]} 29. Qxb2 {[%clk 00:00:44]} {[%emt 00:00:01]} Re3
{[%clk 00:00:41]} {[%emt 00:00:03]} 30. Bc4 {[%clk 00:00:45]} {[%emt 00:00:05]}
Rce8 {[%clk 00:00:41]} {[%emt 00:00:04]} 31. Qd4 {[%clk 00:00:44]} {[%emt
00:00:06]} R8e4 {[%clk 00:00:29]} {[%emt 00:00:17]} 32. Qd2 {[%clk 00:00:45]}
{[%emt 00:00:03]} Qb6 {[%clk 00:00:19]} {[%emt 00:00:16]} 33. Re1 {[%clk
00:00:38]} {[%emt 00:00:12]} h6 {[%clk 00:00:10]} {[%emt 00:00:14]} 34. Rxe3
{[%clk 00:00:40]} {[%emt 00:00:02]} Qxe3 {[%clk 00:00:13]} {[%emt 00:00:03]} 35.
Qd1 {[%clk 00:00:23]} {[%emt 00:00:21]} f4 {[%clk 00:00:11]} {[%emt 00:00:08]}
36. Qd3 {[%clk 00:00:13]} {[%emt 00:00:15]} Qxd3 {[%clk 00:00:10]} {[%emt
00:00:06]} 37. Bxd3 {[%clk 00:00:17]} {[%emt 00:00:01]} Rd4 {[%clk 00:00:13]}
{[%emt 00:00:02]} 38. Bc4 {[%clk 00:00:21]} Bf5 {[%clk 00:00:16]} {[%emt
00:00:02]} 39. Re1 {[%clk 00:00:22]} {[%emt 00:00:03]} Be4 {[%clk 00:00:18]}
{[%emt 00:00:04]} 40. h3 {[%clk 00:00:13]} {[%emt 00:00:14]} f3 {[%clk
00:00:13]} {[%emt 00:00:10]} 41. gxf3 {[%clk 00:00:12]} {[%emt 00:00:05]} Bxf3+
{[%clk 00:00:17]} {[%emt 00:00:02]} 42. Kg1 {[%clk 00:00:15]} {[%emt 00:00:01]}
Bxd5 {[%clk 00:00:16]} {[%emt 00:00:06]} 43. Bb5 {[%emt 00:00:29]} 0-1

[Event "World Youth & Cadets Rapid Championships"]
[Site "Rhodes, Greece"]
[Date "2022.05.01"]
[Round "2.40"]
[White "Smietanska, Wiktoria"]
[Black "Badica, Ariana"]
[Result "1-0"]
[TimeControl "10'/game & 5\"/move"]
[WhiteElo "1781"]
[BlackElo "1388"]

1. c4 {[%clk 00:10:09]} {[%emt 00:00:01]} e5 {[%clk 00:10:08]} {[%emt
00:00:03]} 2. Nc3 {[%clk 00:10:13]} {[%emt 00:00:01]} Nf6 {[%emt 00:00:06]} 3.
Nf3 {[%clk 00:10:16]} Nc6 {[%clk 00:10:06]} {[%emt 00:00:07]} 4. e4 {[%clk
00:10:19]} {[%emt 00:00:02]} Bc5 {[%clk 00:09:52]} {[%emt 00:00:19]} 5. Nxe5
{[%clk 00:10:19]} {[%emt 00:00:05]} Nxe5 {[%clk 00:09:54]} {[%emt 00:00:04]} 6.
d4 {[%clk 00:10:22]} {[%emt 00:00:01]} Bd6 {[%clk 00:09:22]} {[%emt 00:00:37]}
7. c5 {[%clk 00:10:22]} {[%emt 00:00:06]} Bxc5 {[%clk 00:07:56]} {[%emt
00:01:30]} 8. dxc5 {[%clk 00:10:10]} {[%emt 00:00:16]} O-O {[%clk 00:07:43]}
{[%emt 00:00:18]} 9. Be2 {[%clk 00:10:00]} {[%emt 00:00:16]} b6 {[%clk
00:07:27]} {[%emt 00:00:22]} 10. cxb6 {[%clk 00:09:53]} {[%emt 00:00:11]} cxb6
{[%clk 00:07:24]} {[%emt 00:00:08]} 11. O-O {[%clk 00:09:37]} {[%emt 00:00:20]}
Bb7 {[%clk 00:07:24]} {[%emt 00:00:06]} 12. f4 {[%clk 00:08:07]} {[%emt
00:01:35]} Ng6 {[%clk 00:06:53]} {[%emt 00:00:35]} 13. e5 {[%clk 00:07:57]}
{[%emt 00:00:16]} Ne4 {[%clk 00:06:36]} {[%emt 00:00:23]} 14. Nxe4 {[%clk
00:06:50]} {[%emt 00:01:11]} Bxe4 {[%clk 00:06:35]} {[%emt 00:00:07]} 15. Be3
{[%clk 00:06:45]} {[%emt 00:00:09]} Qc7 {[%clk 00:05:27]} {[%emt 00:01:13]} 16.
Rc1 {[%clk 00:06:45]} {[%emt 00:00:04]} Qb7 {[%clk 00:05:23]} {[%emt 00:00:10]}
17. Bf3 {[%clk 00:03:55]} {[%emt 00:02:55]} Nh4 {[%clk 00:04:10]} {[%emt
00:01:19]} 18. Rc4 {[%clk 00:00:45]} {[%emt 00:03:14]} Bc6 {[%clk 00:02:07]}
{[%emt 00:02:08]} 19. Bxc6 {[%clk 00:00:34]} {[%emt 00:00:16]} dxc6 {[%clk
00:02:02]} {[%emt 00:00:10]} 20. Qg4 {[%clk 00:00:32]} {[%emt 00:00:07]} Ng6
{[%clk 00:01:43]} {[%emt 00:00:24]} 21. Rd4 {[%clk 00:00:25]} {[%emt 00:00:12]}
c5 {[%clk 00:01:34]} {[%emt 00:00:14]} 22. Rd6 {[%clk 00:00:17]} {[%emt
00:00:12]} Qe4 {[%clk 00:00:45]} {[%emt 00:00:55]} 23. Qg3 {[%clk 00:00:16]}
{[%emt 00:00:05]} Rad8 {[%clk 00:00:41]} {[%emt 00:00:10]} 24. Rfd1 {[%clk
00:00:17]} {[%emt 00:00:04]} Rxd6 {[%clk 00:00:42]} {[%emt 00:00:04]} 25. exd6
{[%clk 00:00:15]} {[%emt 00:00:07]} Rd8 {[%clk 00:00:44]} {[%emt 00:00:03]} 26.
Kf2 {[%clk 00:00:11]} {[%emt 00:00:08]} Qe6 {[%clk 00:00:38]} {[%emt 00:00:11]}
27. Kg1 {[%clk 00:00:08]} {[%emt 00:00:09]} Rxd6 {[%clk 00:00:40]} {[%emt
00:00:03]} 28. Re1 {[%clk 00:00:10]} {[%emt 00:00:04]} Qd5 {[%clk 00:00:17]}
{[%emt 00:00:27]} 29. Qf2 {[%clk 00:00:09]} {[%emt 00:00:06]} Rd8 {[%clk
00:00:20]} {[%emt 00:00:02]} 30. Qc2 {[%clk 00:00:09]} {[%emt 00:00:05]} h6
{[%clk 00:00:21]} {[%emt 00:00:05]} 31. Qa4 {[%clk 00:00:11]} {[%emt 00:00:02]}
Qd7 {[%clk 00:00:23]} {[%emt 00:00:03]} 32. Qc4 {[%clk 00:00:13]} {[%emt
00:00:03]} Qd5 {[%clk 00:00:24]} {[%emt 00:00:04]} 33. Qa4 {[%clk 00:00:16]}
{[%emt 00:00:02]} Qd7 {[%clk 00:00:18]} {[%emt 00:00:11]} 34. Qc2 {[%clk
00:00:18]} {[%emt 00:00:03]} Qc6 {[%clk 00:00:21]} {[%emt 00:00:02]} 35. Bc1
{[%clk 00:00:13]} {[%emt 00:00:10]} Qd5 {[%clk 00:00:21]} {[%emt 00:00:05]} 36.
b3 {[%clk 00:00:15]} {[%emt 00:00:04]} Qd3 {[%clk 00:00:22]} {[%emt 00:00:04]}
37. Qf2 {[%clk 00:00:09]} {[%emt 00:00:11]} Qd4 {[%clk 00:00:24]} {[%emt
00:00:02]} 38. Be3 {[%clk 00:00:12]} {[%emt 00:00:02]} Qd3 {[%clk 00:00:20]}
{[%emt 00:00:08]} 39. Qg3 {[%clk 00:00:15]} {[%emt 00:00:02]} Re8 {[%clk
00:00:19]} {[%emt 00:00:08]} 40. h3 {[%clk 00:00:15]} {[%emt 00:00:04]} Qc2
{[%clk 00:00:14]} {[%emt 00:00:10]} 41. Kh2 {[%clk 00:00:11]} {[%emt 00:00:10]}
Qxa2 {[%clk 00:00:16]} {[%emt 00:00:02]} 42. f5 {[%clk 00:00:14]} {[%emt
00:00:02]} Ne5 {[%clk 00:00:13]} {[%emt 00:00:08]} 43. Bxh6 {[%clk 00:00:17]}
{[%emt 00:00:03]} g6 {[%clk 00:00:11]} {[%emt 00:00:06]} 44. Rxe5 {[%clk
00:00:20]} {[%emt 00:00:02]} Rxe5 {[%clk 00:00:09]} {[%emt 00:00:08]} 45. Qxe5
{[%clk 00:00:24]} Kh7 {[%clk 00:00:06]} {[%emt 00:00:08]} 46. Qg7# {[%clk
00:00:27]} {[%emt 00:00:02]} 1-0

[Event "World Youth & Cadets Rapid Championships"]
[Site "Rhodes, Greece"]
[Date "2022.05.01"]
[Round "2.41"]
[White "Gawerska, Karolina"]
[Black "Alessi, Clio"]
[Result "0-1"]
[TimeControl "10'/game & 5\"/move"]
[WhiteElo "1161"]
[BlackElo "1410"]

1. d4 {[%clk 00:10:07]} {[%emt 00:00:02]} d5 {[%clk 00:10:08]} {[%emt
00:00:02]} 2. c4 {[%clk 00:10:10]} {[%emt 00:00:02]} e5 {[%clk 00:10:09]}
{[%emt 00:00:03]} 3. dxe5 {[%clk 00:10:12]} {[%emt 00:00:04]} d4 {[%clk
00:10:13]} {[%emt 00:00:01]} 4. Nf3 {[%clk 00:10:15]} {[%emt 00:00:02]} Nc6
{[%clk 00:10:16]} {[%emt 00:00:02]} 5. g3 {[%clk 00:09:40]} {[%emt 00:00:39]}
Nge7 {[%clk 00:10:16]} {[%emt 00:00:06]} 6. Bg2 {[%clk 00:09:42]} {[%emt
00:00:04]} Ng6 {[%clk 00:10:19]} {[%emt 00:00:01]} 7. O-O {[%clk 00:09:42]}
{[%emt 00:00:05]} Be7 {[%clk 00:09:48]} {[%emt 00:00:36]} 8. b3 {[%clk
00:09:36]} {[%emt 00:00:10]} Ngxe5 {[%clk 00:09:11]} {[%emt 00:00:43]} 9. Nxe5
{[%clk 00:09:38]} {[%emt 00:00:03]} Nxe5 {[%clk 00:09:14]} {[%emt 00:00:02]} 10.
Bb2 {[%clk 00:09:41]} {[%emt 00:00:02]} Bc5 {[%clk 00:08:55]} {[%emt 00:00:22]}
11. Nd2 {[%clk 00:09:40]} {[%emt 00:00:07]} O-O {[%clk 00:08:57]} {[%emt
00:00:04]} 12. Ne4 {[%clk 00:09:40]} {[%emt 00:00:06]} Be7 {[%clk 00:07:22]}
{[%emt 00:01:39]} 13. Bxd4 {[%clk 00:09:30]} {[%emt 00:00:15]} Nc6 {[%clk
00:06:40]} {[%emt 00:00:47]} 14. Bb2 {[%clk 00:09:25]} {[%emt 00:00:10]} Qxd1
{[%clk 00:05:34]} {[%emt 00:01:12]} 15. Raxd1 {[%clk 00:09:25]} {[%emt
00:00:04]} Be6 {[%clk 00:05:15]} {[%emt 00:00:22]} 16. e3 {[%clk 00:08:43]}
{[%emt 00:00:49]} Rfd8 {[%clk 00:04:30]} {[%emt 00:00:44]} 17. h3 {[%clk
00:08:04]} {[%emt 00:00:50]} Nb4 {[%clk 00:03:37]} {[%emt 00:00:57]} 18. a3
{[%clk 00:08:02]} {[%emt 00:00:08]} Nc6 {[%clk 00:03:06]} {[%emt 00:00:36]} 19.
Kh2 {[%clk 00:06:43]} {[%emt 00:01:24]} Na5 {[%clk 00:02:43]} {[%emt 00:00:20]}
20. Nc3 {[%clk 00:06:35]} {[%emt 00:00:21]} Nxb3 {[%clk 00:02:29]} {[%emt
00:00:19]} 21. Bxb7 {[%clk 00:06:32]} {[%emt 00:00:07]} Bxc4 {[%clk 00:01:56]}
{[%emt 00:00:38]} 22. Bxa8 {[%clk 00:06:29]} {[%emt 00:00:09]} Bxf1 {[%clk
00:01:59]} {[%emt 00:00:02]} 23. Rxd8+ {[%clk 00:06:28]} {[%emt 00:00:05]} Bxd8
{[%clk 00:02:02]} {[%emt 00:00:03]} 24. Ne4 {[%clk 00:06:09]} {[%emt 00:00:23]}
f5 {[%clk 00:01:33]} {[%emt 00:00:35]} 25. Ng5 {[%clk 00:06:09]} {[%emt
00:00:05]} Bxg5 {[%clk 00:01:18]} {[%emt 00:00:20]} 26. Bd5+ {[%clk 00:06:09]}
{[%emt 00:00:05]} Kf8 {[%clk 00:01:20]} {[%emt 00:00:03]} 27. Bxb3 {[%clk
00:06:11]} {[%emt 00:00:03]} Be2 {[%clk 00:01:00]} {[%emt 00:00:20]} 28. Bd4
{[%clk 00:06:12]} {[%emt 00:00:09]} a6 {[%clk 00:01:02]} {[%emt 00:00:03]} 29.
Be5 {[%clk 00:06:11]} {[%emt 00:00:05]} c6 {[%clk 00:01:04]} {[%emt 00:00:02]}
30. Ba4 {[%clk 00:06:12]} {[%emt 00:00:07]} Bb5 {[%clk 00:01:08]} {[%emt
00:00:01]} 31. Bxb5 {[%clk 00:06:08]} {[%emt 00:00:08]} cxb5 {[%clk 00:01:11]}
{[%emt 00:00:02]} 32. Bd6+ {[%clk 00:06:04]} {[%emt 00:00:09]} Kf7 {[%clk
00:01:14]} {[%emt 00:00:02]} 33. Kg2 {[%clk 00:06:07]} {[%emt 00:00:02]} Be7
{[%clk 00:01:16]} {[%emt 00:00:03]} 34. Bb4 {[%clk 00:06:06]} {[%emt 00:00:06]}
Bxb4 {[%clk 00:01:17]} {[%emt 00:00:04]} 35. axb4 {[%clk 00:06:10]} {[%emt
00:00:02]} Ke6 {[%emt 00:00:02]} 36. Kf3 {[%clk 00:06:12]} {[%emt 00:00:02]}
Ke5 {[%clk 00:01:25]} {[%emt 00:00:01]} 37. Ke2 {[%clk 00:06:13]} {[%emt
00:00:04]} Kd5 {[%clk 00:01:26]} {[%emt 00:00:04]} 38. Kd3 {[%clk 00:06:16]}
{[%emt 00:00:02]} g5 {[%clk 00:01:27]} {[%emt 00:00:03]} 39. f4 {[%clk
00:06:19]} {[%emt 00:00:01]} gxf4 {[%clk 00:01:27]} {[%emt 00:00:05]} 40. exf4
{[%clk 00:06:21]} {[%emt 00:00:04]} h5 {[%clk 00:01:01]} {[%emt 00:00:31]} 41.
h4 {[%clk 00:06:24]} {[%emt 00:00:02]} a5 {[%clk 00:01:06]} {[%emt 00:00:01]}
42. bxa5 {[%clk 00:06:28]} Kc5 {[%clk 00:01:09]} {[%emt 00:00:01]} 43. a6
{[%clk 00:06:29]} {[%emt 00:00:04]} Kb6 {[%clk 00:01:12]} {[%emt 00:00:02]} 44.
Kc3 {[%clk 00:06:33]} Kxa6 {[%clk 00:01:16]} {[%emt 00:00:02]} 45. Kb4 {[%clk
00:06:37]} {[%emt 00:00:01]} Kb6 {[%clk 00:01:20]} {[%emt 00:00:01]} 46. Kb3
{[%clk 00:06:40]} {[%emt 00:00:02]} Kc5 {[%clk 00:01:24]} {[%emt 00:00:01]} 47.
Kc3 {[%clk 00:06:43]} b4+ {[%clk 00:01:28]} {[%emt 00:00:01]} 48. Kb3 {[%clk
00:06:47]} {[%emt 00:00:01]} Kb5 {[%clk 00:01:33]} 49. Kb2 {[%clk 00:06:51]}
Kc4 {[%emt 00:00:02]} 50. Kc2 {[%clk 00:06:54]} {[%emt 00:00:01]} b3+ {[%clk
00:01:42]} 51. Kb2 {[%clk 00:06:58]} {[%emt 00:00:02]} Kb4 {[%clk 00:01:46]} 52.
Kb1 {[%clk 00:07:02]} {[%emt 00:00:01]} Kc3 {[%clk 00:01:51]} 53. Kc1 {[%clk
00:07:05]} {[%emt 00:00:01]} b2+ {[%clk 00:01:55]} 54. Kb1 {[%clk 00:07:09]}
{[%emt 00:00:01]} Kd3 {[%clk 00:02:00]} {[%emt 00:00:01]} 55. Kxb2 {[%clk
00:07:12]} {[%emt 00:00:01]} Ke3 {[%clk 00:02:04]} {[%emt 00:00:02]} 56. Kc3
{[%clk 00:07:15]} {[%emt 00:00:01]} Kf3 {[%clk 00:02:09]} 57. Kd3 {[%clk
00:07:18]} {[%emt 00:00:03]} Kxg3 {[%clk 00:02:13]} {[%emt 00:00:01]} 58. Ke3
{[%clk 00:07:21]} {[%emt 00:00:01]} Kxh4 {[%clk 00:02:17]} 59. Kf3 {[%clk
00:07:25]} {[%emt 00:00:02]} Kh3 {[%clk 00:02:20]} 60. Kf2 {[%clk 00:07:28]}
{[%emt 00:00:01]} Kg4 {[%clk 00:02:24]} {[%emt 00:00:02]} 61. Ke3 {[%clk
00:07:32]} Kg3 {[%clk 00:02:28]} 62. Ke2 {[%clk 00:07:36]} {[%emt 00:00:01]}
Kxf4 {[%clk 00:02:32]} {[%emt 00:00:01]} 63. Kf2 {[%clk 00:07:40]} h4 {[%clk
00:02:36]} 64. Ke2 {[%clk 00:07:44]} {[%emt 00:00:01]} Kg3 {[%clk 00:02:40]} 65.
Kf1 {[%clk 00:07:48]} {[%emt 00:00:01]} h3 {[%clk 00:02:43]} {[%emt 00:00:02]}
66. Kg1 {[%clk 00:07:52]} f4 {[%clk 00:02:48]} {[%emt 00:00:01]} 67. Kf1 {[%clk
00:07:55]} {[%emt 00:00:02]} h2 {[%clk 00:02:51]} {[%emt 00:00:02]} 68. Ke2
{[%clk 00:07:58]} {[%emt 00:00:02]} h1=Q {[%clk 00:02:54]} {[%emt 00:00:02]} 69.
Kd2 {[%clk 00:08:02]} {[%emt 00:00:01]} Qf1 {[%clk 00:02:58]} {[%emt 00:00:01]}
70. Kc2 {[%clk 00:08:05]} {[%emt 00:00:01]} Qe1 {[%clk 00:03:02]} 71. Kb2
{[%clk 00:08:09]} {[%emt 00:00:01]} Qd1 {[%clk 00:03:06]} 72. Kc3 {[%clk
00:08:12]} {[%emt 00:00:02]} Qe2 {[%clk 00:03:10]} 73. Kd4 {[%clk 00:08:16]}
{[%emt 00:00:02]} Qf3 {[%clk 00:03:14]} 74. Ke5 {[%clk 00:08:17]} {[%emt
00:00:03]} Kg4 {[%clk 00:03:17]} {[%emt 00:00:02]} 75. Kf6 {[%clk 00:08:19]}
{[%emt 00:00:03]} Qe4 {[%clk 00:03:20]} {[%emt 00:00:01]} 76. Kf7 {[%clk
00:08:21]} {[%emt 00:00:04]} Qe5 {[%clk 00:03:24]} {[%emt 00:00:01]} 77. Kg6
{[%clk 00:08:24]} {[%emt 00:00:02]} f3 {[%clk 00:03:26]} {[%emt 00:00:03]} 78.
Kf7 {[%clk 00:08:26]} {[%emt 00:00:03]} f2 {[%clk 00:03:27]} {[%emt 00:00:04]}
79. Kg6 {[%clk 00:08:29]} {[%emt 00:00:02]} f1=Q {[%clk 00:03:28]} {[%emt
00:00:05]} 80. Kh7 {[%clk 00:08:31]} {[%emt 00:00:02]} Qf7+ {[%clk 00:03:26]}
{[%emt 00:00:06]} 81. Kh6 {[%clk 00:08:34]} {[%emt 00:00:02]} Qeh5# {[%clk
00:03:30]} {[%emt 00:00:02]} 0-1

[Event "World Youth & Cadets Rapid Championships"]
[Site "Rhodes, Greece"]
[Date "2022.05.01"]
[Round "2.42"]
[White "Rzadkowska, Kaja"]
[Black "Onipko, Kateryna"]
[Result "1-0"]
[TimeControl "10'/game & 5\"/move"]
[WhiteElo "1244"]
[BlackElo "1153"]

1. d4 {[%clk 00:10:07]} {[%emt 00:00:02]} Nf6 {[%clk 00:10:09]} {[%emt
00:00:02]} 2. Nf3 {[%clk 00:10:06]} {[%emt 00:00:07]} g6 {[%clk 00:10:13]}
{[%emt 00:00:01]} 3. g3 {[%clk 00:10:08]} {[%emt 00:00:03]} Bg7 {[%clk
00:10:16]} {[%emt 00:00:01]} 4. b3 {[%clk 00:10:08]} {[%emt 00:00:05]} O-O
{[%clk 00:10:19]} {[%emt 00:00:03]} 5. Bg2 {[%clk 00:10:10]} {[%emt 00:00:02]}
d6 {[%clk 00:10:23]} {[%emt 00:00:02]} 6. Bb2 {[%clk 00:10:12]} {[%emt
00:00:03]} Nbd7 {[%clk 00:10:20]} {[%emt 00:00:08]} 7. O-O {[%clk 00:10:09]}
{[%emt 00:00:07]} Rb8 {[%clk 00:09:33]} {[%emt 00:00:52]} 8. Qd2 {[%clk
00:10:06]} {[%emt 00:00:08]} b6 {[%clk 00:09:31]} {[%emt 00:00:08]} 9. c4
{[%clk 00:10:04]} {[%emt 00:00:06]} Bb7 {[%clk 00:09:33]} {[%emt 00:00:03]} 10.
Nc3 {[%clk 00:09:57]} {[%emt 00:00:11]} e5 {[%clk 00:08:56]} {[%emt 00:00:43]}
11. dxe5 {[%clk 00:09:49]} {[%emt 00:00:13]} dxe5 {[%clk 00:08:34]} {[%emt
00:00:27]} 12. Rfd1 {[%clk 00:09:08]} {[%emt 00:00:46]} Re8 {[%clk 00:07:39]}
{[%emt 00:01:00]} 13. Rac1 {[%clk 00:07:53]} {[%emt 00:01:20]} e4 {[%clk
00:06:59]} {[%emt 00:00:46]} 14. Nd4 {[%clk 00:07:45]} {[%emt 00:00:13]} c5
{[%clk 00:06:45]} {[%emt 00:00:19]} 15. Ndb5 {[%clk 00:07:34]} {[%emt
00:00:16]} a6 {[%clk 00:06:30]} {[%emt 00:00:20]} 16. Nd6 {[%clk 00:07:29]}
{[%emt 00:00:09]} Re6 {[%clk 00:06:28]} {[%emt 00:00:07]} 17. Ba1 {[%clk
00:05:14]} {[%emt 00:02:20]} Ba8 {[%clk 00:06:09]} {[%emt 00:00:25]} 18. Ndxe4
{[%clk 00:04:31]} {[%emt 00:00:47]} Nxe4 {[%clk 00:06:03]} {[%emt 00:00:11]} 19.
Nxe4 {[%clk 00:04:05]} {[%emt 00:00:30]} Bxe4 {[%clk 00:06:05]} {[%emt
00:00:04]} 20. Bxe4 {[%clk 00:04:05]} {[%emt 00:00:05]} Rxe4 {[%clk 00:06:07]}
{[%emt 00:00:04]} 21. Qxd7 {[%clk 00:04:03]} {[%emt 00:00:06]} Qxd7 {[%clk
00:06:09]} {[%emt 00:00:03]} 22. Rxd7 {[%clk 00:04:02]} {[%emt 00:00:07]} Rxe2
{[%clk 00:05:58]} {[%emt 00:00:15]} 23. Bxg7 {[%clk 00:03:33]} {[%emt
00:00:34]} Kxg7 {[%emt 00:00:11]} 24. a3 {[%clk 00:03:28]} {[%emt 00:00:02]}
Rb2 {[%emt 00:00:10]} 25. Rc3 {[%emt 00:00:35]} b5 {[%emt 00:00:18]} 26. cxb5
{[%clk 00:03:05]} {[%emt 00:00:05]} Rxb5 {[%emt 00:00:16]} 27. Rdd3 {[%emt
00:00:18]} Kf6 {[%clk 00:05:20]} {[%emt 00:00:07]} 28. a4 {[%clk 00:02:35]}
{[%emt 00:00:24]} Ra5 {[%clk 00:05:21]} {[%emt 00:00:04]} 29. Re3 {[%clk
00:02:18]} {[%emt 00:00:23]} Rd2 {[%clk 00:04:54]} {[%emt 00:00:31]} 30. Rf3+
{[%clk 00:01:58]} {[%emt 00:00:26]} Kg7 {[%emt 00:00:26]} 31. Kf1 {[%emt
00:00:12]} Rd4 {[%emt 00:00:15]} 32. Ke2 {[%clk 00:01:30]} {[%emt 00:00:06]} f5
{[%emt 00:00:33]} 33. Rcd3 {[%emt 00:00:18]} Kf6 {[%clk 00:04:22]} {[%emt
00:00:03]} 34. Kd2 {[%clk 00:00:56]} {[%emt 00:00:20]} Ke5 {[%clk 00:04:18]}
{[%emt 00:00:09]} 35. Rfe3+ {[%clk 00:00:57]} {[%emt 00:00:04]} Kd6 {[%emt
00:00:17]} 36. Kc3 {[%clk 00:00:54]} {[%emt 00:00:07]} h6 {[%clk 00:03:48]}
{[%emt 00:00:25]} 37. Rxd4+ {[%clk 00:00:52]} {[%emt 00:00:05]} cxd4+ {[%clk
00:03:51]} {[%emt 00:00:03]} 38. Kxd4 {[%clk 00:00:56]} {[%emt 00:00:02]} Rd5+
{[%clk 00:03:52]} {[%emt 00:00:03]} 39. Kc3 {[%clk 00:00:56]} {[%emt 00:00:04]}
Rc5+ {[%clk 00:03:55]} {[%emt 00:00:03]} 40. Kb2 {[%clk 00:00:57]} {[%emt
00:00:04]} Rd5 {[%clk 00:03:56]} {[%emt 00:00:04]} 41. Kc2 {[%clk 00:00:53]}
{[%emt 00:00:09]} Rc5+ {[%clk 00:03:59]} {[%emt 00:00:02]} 42. Rc3 {[%clk
00:00:52]} {[%emt 00:00:06]} a5 {[%clk 00:03:56]} {[%emt 00:00:08]} 43. Rxc5
{[%clk 00:00:45]} {[%emt 00:00:12]} Kxc5 {[%clk 00:03:59]} {[%emt 00:00:02]} 44.
Kc3 {[%clk 00:00:47]} {[%emt 00:00:03]} Kc6 {[%clk 00:03:59]} {[%emt 00:00:06]}
45. Kc4 {[%clk 00:00:48]} {[%emt 00:00:04]} Kb6 {[%emt 00:00:02]} 46. Kd5
{[%clk 00:00:48]} {[%emt 00:00:04]} Ka6 {[%clk 00:04:06]} {[%emt 00:00:01]} 47.
Ke6 {[%clk 00:00:31]} {[%emt 00:00:22]} Kb6 {[%clk 00:04:10]} {[%emt 00:00:02]}
48. Kf6 {[%clk 00:00:28]} {[%emt 00:00:07]} Kc5 {[%clk 00:04:14]} {[%emt
00:00:02]} 49. Kxg6 {[%clk 00:00:30]} {[%emt 00:00:02]} Kb4 {[%clk 00:04:18]}
{[%emt 00:00:02]} 50. Kxh6 {[%clk 00:00:27]} {[%emt 00:00:07]} Kxb3 {[%clk
00:04:22]} {[%emt 00:00:02]} 51. Kg5 {[%clk 00:00:29]} {[%emt 00:00:02]} Kxa4
{[%emt 00:00:03]} 52. h4 {[%clk 00:00:31]} {[%emt 00:00:02]} Kb3 {[%clk
00:04:30]} {[%emt 00:00:01]} 53. h5 {[%clk 00:00:33]} {[%emt 00:00:03]} a4
{[%clk 00:04:34]} {[%emt 00:00:01]} 54. h6 {[%clk 00:00:36]} {[%emt 00:00:02]}
a3 {[%clk 00:04:38]} {[%emt 00:00:01]} 55. h7 {[%clk 00:00:38]} {[%emt
00:00:03]} a2 {[%clk 00:04:42]} {[%emt 00:00:01]} 56. h8=Q {[%clk 00:00:40]}
Ka3 {[%clk 00:04:48]} {[%emt 00:00:09]} 57. Qa8+ {[%clk 00:00:44]} Kb3 {[%clk
00:04:52]} 58. Kf4 {[%clk 00:00:44]} 1-0